000 00383cam a22001097a 4500
008 180718b1973 xxu||||| |||| 00| 0 eng d
082 _aW2x611 In8
245 _aTunisie: Evaluation D'un project D'amenagement urban et ole transports on Commun pour le district de Tunis
260 _aWashington, D.C.
_bIBRD
_c1973
300 _a41p.+95p. Paper
650 _aLocal Transportation - Tunisia
999 _c225191
_d225191